00341nam a22000977a 4500082001500000245013800015260002400153300002100177526003700198650000800235 a629.4bNAT aThe study on national transport plan in the Islamic Republic of Pakistan: Final report / vol I economic analysis and demand forecast/ bA. C. P. C. Ic1995 aVarious Paging,; a0b0c0d629_400000000000000_NAT aMCE